Statistiques concernant Départements Français les plus peuplés à travers l'Histoire

Cliquez ici pour prendre le quiz!

Statistiques générales

  • Ce quiz a été pris 4 423 fois
    (4 289 depuis la dernière actualisation)
  • Le résultat moyen est 13 sur 23

Statistiques - réponses

Départements% Correct
Paris
95%
Nord
85%
Bouches-du-Rhône
83%
Seine
83%
Rhône
82%
Gironde
77%
Pas-de-Calais
73%
Bas-Rhin
70%
Seine-Saint-Denis
65%
Yvelines
61%
Loire-Atlantique
59%
Seine-et-Marne
54%
Hauts-de-Seine
53%
Ille-et-Vilaine
49%
Haute-Garonne
48%
Finistère
45%
Seine-Maritime
43%
Isère
38%
Manche
22%
Côtes-d'Armor
20%
Puy-de-Dôme
16%
Seine-et-Oise
15%
Eure-et-Loir
14%

Distribution des résultats

Percentile par nombre de réponses

% des personnes avec chaque résultat

Votre développement - résultats

Vous n’avez pas pris ce quiz depuis la dernière actualisation